000 00380cam a2200145ua 4500
003 OSt
005 20260213112712.0
008 260213b |||||||| |||| 00| 0 eng d
041 _aeng
082 _a631.587
_bCBI/HI
245 _aHistory of irrigation in Indus basin /
260 _aNew Delhi :
_bCentral Board of Irrigation and Power ,
_c1992.
300 _a159 ; .
942 _cBK
999 _c5109
_d5109